Analýza dopytu pre vybrané tovary a služby diplomová práca

Na minha lista:
Detalhes bibliográficos
Autor principal: Bakus, Michal
Autor Corporativo: Fakulta podnikového manažmentu EU. Katedra podnikovohospodárska
Outros Autores: Strieška, Ľubomír
Formato: Livro
Idioma:eslovaco
Publicado em: Bratislava 2012
Tags: Adicionar Tag
Sem tags, seja o primeiro a adicionar uma tag!

MARC

LEADER 00000nbm a2200000 4500
001 0152461
005 20161109102038.8
041 0 |a slo 
044 |a SK 
245 1 0 |a Analýza dopytu pre vybrané tovary a služby  |b diplomová práca  |c Michal Bakus ; školiteľ: Ľubomír Strieška 
264 1 |a Bratislava  |c 2012 
300 |a 66 s. 
100 1 |a Bakus, Michal 
700 1 |a Strieška, Ľubomír 
710 2 |a Fakulta podnikového manažmentu EU. Katedra podnikovohospodárska